Malena es un nombre de tango / (Record no. 10010)

MARC details
000 -LEADER
campo de control de longitud fija 01682nam a2200253 i 4500
001 - NÚMERO DE CONTROL
campo de control 10010
003 - IDENTIFICADOR DE NÚMERO DE CONTROL
campo de control ES-MaACL
005 - FECHA Y HORA DE LA ÚLTIMA TRANSACCIÓN
campo de control 20250804062640.0
008 - DATOS DE LONGITUD FIJA--INFORMACIÓN GENERAL
campo de control de longitud fija 940916s1994 sp ||||1| spa d
020 ## - NÚMERO INTERNACIONAL ESTÁNDAR DEL LIBRO
Número Internacional Estándar del Libro 84-7223-432-0
080 ## - NÚMERO DE LA CLASIFICACIÓN DECIMAL UNIVERSAL
Número de la Clasificación Decimal Universal 821.134.2-31"19"
100 1# - ENTRADA PRINCIPAL--NOMBRE DE PERSONA
Nombre de persona Grandes, Almudena,
Fechas asociadas al nombre 1960-2021
9 (RLIN) 59600
245 10 - MENCIÓN DEL TÍTULO
Título Malena es un nombre de tango /
Mención de responsabilidad, etc. Almudena Grandes.
250 ## - MENCION DE EDICION
Mención de edición 1ª ed.
260 ## - PUBLICACIÓN, DISTRIBUCIÓN, ETC.
Lugar de publicación, distribución, etc. Barcelona :
Nombre del editor, distribuidor, etc. Tusquets,
Fecha de publicación, distribución, etc. 1994.
300 ## - DESCRIPCIÓN FÍSICA
Extensión 552 p. ;
Dimensiones 23 cm.
490 1# - MENCIÓN DE SERIE
Mención de serie Andanzas ;
Designación de volumen o secuencia 211
520 ## - RESUMEN, ETC.
Sumario, etc. Malena tiene doce años cuando recibe, sin razón, y sin derecho alguno, de manos de su abuelo el último tesoro que conserva la familia : una esmeralda antigua, sin tallar, de la que ella nunca podrá hablar porque algún día le salvará la vida. A partir de entonces, esa niña desorientada y perpleja, que reza en silencio para volverse niño porque presiente que jamás conseguirá parecerse a su hermana melliza, Reina, la mujer perfecta, empieza a sospechar que no es la primera Fernández de Alcántara incapaz de encontrar el lugar adecuado en el mundo. Se propone entonces desenmarañar el laberinto de secretos que late bajo la apacible piel de su familia, una ejemplar familia burguesa madrileña. A la sombra de una vieja maldición, Malena aprende a mirarse, como en un espejo, en la memoria de quienes se creyeron malditos antes que ella y descubre, mientras alcanza la madurez, un reflejo de sus miedos y de su amor en la sucesión de mujeres imperfectas que la han precedido.
655 #0 - TERMINO DE INDIZACIÓN--GENERO/FORMA
Datos o término principal de género/forma Novelas
9 (RLIN) 234319
830 10 - PUNTO DE ACCESO ADICIONAL DE SERIE-TÍTULO UNIFORME
Título uniforme Colección Andanzas
Designación de volumen o secuencia 211
9 (RLIN) 234359
852 4# - LOCALIZACIÓN
Ubicación ES-MaACL
Número de control de estantería L-17492
942 ## - ELEMENTOS DE ENTRADA SECUNDARIOS (KOHA)
Fuente del sistema de clasificación o colocación Clasificación decimal universal
Holdings
Estatus retirado Estado de pérdida Estado de daño No para préstamo Biblioteca de origen Biblioteca actual Ubicación en estantería Fecha de adquisición Fuente de adquisición Total de préstamos Signatura topográfica completa Código de barras Visto por última vez Precio de reemplazo Tipo de ítem Koha
        Biblioteca del Ateneo de Madrid Biblioteca del Ateneo de Madrid Depósito 2 17/01/2008     L-17492 1010217 23/02/2023 23/02/2023 Libro impreso